Súpis novín a časopisov vychádzajúcich v okrese Galanta za roky 1977-1996 regionálna bibliografia

Bibliographic Details
Main Author: Kontárová, Judita, 1956- (Author)
Format: Book
Language:Slovak
Published: Galanta Dudvážska knižnica 1998
Edition:[1. vyd.]
Subjects:

MARC

LEADER 00000nam a2200000 a 4500
001 vtls001371053
003 SK-MaSNL
005 20260302034216.0
008 251124s1998 xo grb 00100 slo
015 |a SNBSAB1998-00176 
035 |a SNK000324849 
040 |a SNK  |b slo  |c SNK  |e AACR2 
041 0 |a slo 
044 |a xo  |c SK 
080 |a 070-027.541  |2 2001 
080 |a (437.612)  |2 2001 
080 |a 015  |2 2001 
100 1 |a Kontárová, Judita,  |d 1956-  |4 aut  |9 134012 
245 1 0 |a Súpis novín a časopisov vychádzajúcich v okrese Galanta za roky 1977-1996  |b regionálna bibliografia  |c [zostavila: Judita Kontárová] 
250 |a [1. vyd.] 
260 |a Galanta  |b Dudvážska knižnica  |c 1998 
300 |a 31 s.  |c 30x21 cm 
500 |a Údaj o zost. je prevzatý z tiráže 
500 |a 50 výt. 
504 |a Reg. miestopisný, redaktorov, sytem. a vydavateľov. Lit. 131 zázn. o čas. v slov. 
648 7 |a 1977-1996  |2 agk  |9 685481 
650 0 7 |a regionálna tlač  |2 agk  |9 84164 
650 0 7 |a regionálne časopisy  |2 agk  |9 584728 
650 0 7 |a regionálne noviny  |2 agk  |9 584729 
650 0 7 |a súpisy  |2 agk  |9 456516 
651 7 |a Galanta (Slovensko : okres)  |2 SNKPH  |9 15964 
655 7 |a regionálne bibliografie  |2 agk  |9 70484 
655 7 |a neperiodické bibliografie  |2 SNK  |9 60408 
999 |c 1065249  |d 1067179 
952 |t P60, <03>, [BOOK], {603}  |a SNK  |b SNK  |y PREZ  |7 0  |p 17A0208119  |o snkOSB 12260  |i snkKSP 8693/99  |0 0  |1 0  |4 0  |d 1999-08-27  |l 0  |r 2005-01-02 00:00:00  |w 2026-02-24 
952 |t P60, <04>, [BOOK], {604}  |a SNK  |b SNK  |y VYP  |7 0  |p 17A0208120  |o snkOSB 12260 D1  |i snkKSP 8694/99  |0 0  |1 0  |4 0  |d 1999-08-27  |l 0  |r 2005-01-02 00:00:00  |w 2026-02-24